Prisľúbenie Božského Srdca

Bibliographic Details
Main Author: Králiček, Ján, 1879-1958 (Author)
Format: Book
Language:Slovak
PhysicalDescription:48 s.
Published: Ružomberok Ústredie Sdruženia mužov Božského Srdca 1940
Edition:2. vydanie
Series:Knižnica Apoštolátu
Subjects:

MARC

LEADER 00000cam a2200000 a 4500
001 vtls008380543
003 SK-MaSNL
005 20260302015657.0
008 240318s1940 xo 000 0 slo
015 |a SKSNBA19391941-000766 
035 |a SK01SNKBKSD120010072760 
035 |a SKM000075223 
040 |a SNK  |b slo  |c SNK  |e AACR2 
041 0 |a slo 
044 |a xo  |c SK 
080 |a 242  |2 1981 
100 1 |a Králiček, Ján,  |d 1879-1958  |4 aut  |9 178850 
245 1 0 |a Prisľúbenie Božského Srdca  |c Ján Králiček 
250 |a 2. vydanie 
260 |a Ružomberok  |b Ústredie Sdruženia mužov Božského Srdca  |c 1940  |e Ružomberok  |f Lev 
300 |a 48 s. 
490 1 |a Knižnica Apoštolátu  |v č. 1 
650 0 7 |a rozjímania  |2 SNK  |9 305117 
655 7 |a knihy  |2 SNKPH  |9 307098 
830 0 |a Knižnica Apoštolátu  |9 661662 
852 |a Slovenská národná knižnica v Martine  |b 10000  |h SD 10998 
958 |a OND 
958 |a RK 
958 |a TL 
999 |c 1022176  |d 1024106 
952 |a SNK  |b SNK  |y PREZ  |7 0  |p 17A0452679  |o snkSD 10998  |i snk4122/56  |0 0  |1 0  |4 0  |d 2004-11-29  |l 0  |r 2025-11-25 00:00:00  |w 2026-02-24 
952 |a SNK  |b SNK  |y VYP  |7 0  |p 17A1187662  |o snkSD 10998 D1  |i snkKSF 1634/57  |8 5  |0 0  |1 0  |4 0  |d 2017-05-19  |l 0  |r 2026-02-24 13:27:50  |w 2026-02-24